000 00726nmc a2200289 a 4500
003 AR-BaBNM
005 20251128210927.0
008 011120s1999 ||||||||||||||000 | spa||
020 _a987-9397-01-0
040 _cAR-BaBNM
100 1 _aGelmán, Juan
245 1 0 _a53 poemas
246 1 _aCincuenta poemas
260 _aBuenos Aires
_bGrijalbo
_c1999
300 0 _a71 p.
490 0 _aMitos. Poesía argentina
_vv. 8
650 4 _aLITERATURA ARGENTINA
650 4 _aPOESIA
650 4 _aLITERATURA CONTEMPORANEA
650 4 _aANTOLOGIAS
650 4 _aESCRITORES
653 0 _aVANGUARDIAS LITERARIAS
655 _aLITERATURA
700 1 _aRobles, Sebastián
_ecompilador
942 _cBK
998 _cMARTIN
999 _c17493
_d17493